| 000 | nam a22 a 4500 | ||
|---|---|---|---|
| 999 |
_c4675 _d4675 |
||
| 003 | AKMAL | ||
| 005 | 20170727153509.0 | ||
| 008 | 17 s2017 my | e l 000 0 may d | ||
| 020 |
_a9789677011694 (kkt.) : _cRM40.00 |
||
| 082 | 0 | 4 |
_a343.595056 MAL _222 |
| 090 | 0 | 0 |
_a343.595056 _bMAL |
| 110 | 1 |
_aMalaysia _9400 |
|
| 245 | 1 | 0 |
_aAkta Eksais dan Peraturan-peraturan (Akta 176) : _bsemua pindaan hingga Disember, 2014 / _cdisusun semula oleh : Penasihat Undang-undang MDC |
| 260 |
_aKuala Lumpur : _bMDC Publishers, _c2017 |
||
| 300 |
_a206ms. ; _c26cm. |
||
| 490 | 1 | _aUndang-undang Malaysia | |
| 650 | 1 | 0 |
_aExcise tax _xLaw and legislation _zMalaysia _9623 |
| 650 | 2 | 0 |
_aTariff on liquors _91636 |
| 710 | 2 |
_aPenasihat Undang-Undang MDC _9405 |
|
| 830 | 0 |
_aUNDANG-UNDANG MALAYSIA _98993 |
|
| 942 |
_2ddc _cBOOK |
||